Understanding Japanese society /

Sources of Japanese identity. The house and family system. Socialisation and classification. Community and neighbourhood. Status and stratification in the wider world...

Đã lưu trong:
Chi tiết về thư mục
Tác giả chính: Hendry, Joy.
Định dạng: Sách
Ngôn ngữ:English
Được phát hành: London; New York : Routledge, 1995.
Phiên bản:2nd ed.
Những chủ đề:
Các nhãn: Thêm thẻ
Không có thẻ, Là người đầu tiên thẻ bản ghi này!
Thư viện lưu trữ: Mạng thư viện Đại học Đà Nẵng
LEADER 01014cam a2200349 i 4500
001 000049094
003 8823
005 20030311160921.0
008 010323|1995 vm 000 eng
020 |a 0415102596 
040 |a IRC  |c IRC  |d IRC 
041 0 |a eng 
082 1 4 |a 306.0952  |b HE-J 
100 1 |a Hendry, Joy. 
245 0 0 |a Understanding Japanese society /  |c Joy Hendry. 
250 |a 2nd ed. 
260 |a London; New York :  |b Routledge,  |c 1995. 
300 |a 240 p. ;  |c 21.5cm. 
520 3 |a Sources of Japanese identity. The house and family system. Socialisation and classification. Community and neighbourhood. Status and stratification in the wider world... 
651 4 |a Japan. 
630 0 4 |a Social conditions. 
650 0 4 |a Japan  |b Social conditions. 
OWN |a DUT 
999 |a From the UDN01 
TYP |a Monograph 
TYP |a Printed language 
980 |a Mạng thư viện Đại học Đà Nẵng